01260nam a2200313 a 4500001001200000003000800012006001900020007001500039008004100054010001700095020003900112020002700151040002100178035002100199050002700220082001700247245009300264260004700357300003900404440006600443504005100509533015200560650002100712655002900733700002400762710001700786856012600803999001700929ebr10657559CaPaEBRm u cr cn|||||||||120816s2013 njuad sb 001 0 eng d z 2012032884 z9781118173138 (cloth : alk. paper) z9781118515839 (e-book) aCaPaEBRcCaPaEBR a(OCoLC)80698131414aHD30.23b.H3542 2013eb04a658.4/0322300aHandbook of decision analysish[electronic resource] /cGregory S. Parnell ... [et al.]. aHoboken, N.J. :bJohn Wiley & Sons,c2013. axxxii, 396 p. :bill. (some col.). 0aWiley handbooks in operations research and management science aIncludes bibliographical references and index. aElectronic reproduction.bPalo Alto, Calif. :cebrary,d2013.nAvailable via World Wide Web.nAccess may be limited to ebrary affiliated libraries. 0aDecision making. 7aElectronic books.2local1 aParnell, Gregory S.2 aebrary, Inc.40uhttp://site.ebrary.com/lib/rucke/Doc?id=10657559zAn electronic book accessible through the World Wide Web; click to view c76956d76956